00000000nam 2200000zi 4500
0019.958075
003CaOODSP
00520251209094105
006m     o  d f      
007cr |n|||||||||
008251209s1994    onc     o    f000 0 eng d
040 |aCaOODSP|beng|erda|cCaOODSP
043 |an-cn---
0861 |aJS79-3/1994E-PDF
24500|aFederal and provincial police oversight legislation : |ba comparison of statutory provisions.
24613|aLois fédérale et provinciales régissant les organismes de surveillance de la police : |bcomparison des dispositions législatives.
264 1|aOttawa : |bRCMP Public Complaints Commission = Commission des plaintes du public contre la GRC, |c[1994]
300 |a1 online resource (1 volume in various paging)
336 |atext|btxt|2rdacontent
337 |acomputer|bc|2rdamedia
338 |aonline resource|bcr|2rdacarrier
500 |aDigitized edition from print [produced by Public Safety Canada].
650 0|aPolice|xComplaints against|zCanada.
650 0|aPolice|zCanada|xProvinces.
650 6|aPolice|xPlaintes contre|zCanada.
7102 |aRoyal Canadian Mounted Police. |bPublic Complaints Commission, |eissuing body.
85640|qPDF|s7099 KB|uhttps://publications.gc.ca/collections/collection_2025/sp-ps/JS79-3-1994-eng.pdf